000 00313nam a2200133 i 4500
001 bg
100 1 _aNOGRADI, M.
245 0 _aStereochemia :
_bpodstawy i zastosowania /
_cM.Nogradi.
260 _aWarszawa,
_c1988.
040 _cBPK
041 _apol
942 _cKS
008 s pl f |000 0 pol
999 _c28795
_d28795
856 _uhttp://koha.tu.koszalin.pl/cgi-bin/koha/opac-detail.pl?biblionumber=28795
_yKatalog online BPK